| 000 | 04680nas1a22004811i 4500 | ||
|---|---|---|---|
| 001 | RU\NLR\INFOCOMM17\1000393539 | ||
| 005 | 20240725211150.0 | ||
| 035 | _a(NLR Aleph) 002449163 | ||
| 090 |
_a2147253 _c2147253 |
||
| 100 | _a20040311c1950 |||y0rusy50 ca | ||
| 101 | 0 | _arus | |
| 102 | _aRU | ||
| 110 | _aayu||||0|y0 | ||
| 200 | 1 |
_aИз опыта работы библиотек Ульяновской области _eМетодич. материалы _fУльян. обл.упр. культуры. Обл. б-ка- Дворец книги им. В.И.Ленина |
|
| 207 | 1 | _aВып.1- | |
| 210 |
_aУльяновск _d1950- |
||
| 430 | 0 |
_12001#$aИз опыта работы районных библиотек _tИз опыта работы районных библиотек |
|
| 430 | 0 |
_12001#$aИз опыта работы библиотек области _tИз опыта работы библиотек области |
|
| 430 | 0 |
_12001#$aВ помощь работе библиотек области _tВ помощь работе библиотек области |
|
| 430 | 0 |
_12001#$aНовое в работе библиотек Ульяновской области _tНовое в работе библиотек Ульяновской области |
|
| 712 | 0 | 2 |
_a"Дворец книги", библиотека имени В.И. Ленина _cУльяновск _4570 |
| 801 | 1 |
_aRU _bInfoComm _c20040311 |
|
| 801 | 0 |
_aRU _bNLR _gPSBO |
|
| 852 |
_aNLR _bБ _jП279 |
||
| 942 | _cJOURNAL | ||
| 980 | _aRUSPER | ||